|
|
|
|
| LEADER |
00000naa2a2200000 4500 |
| 001 |
619081 |
| 005 |
20231101133037.0 |
| 035 |
|
|
|a (RuTPU)RU\TPU\conf\17485
|
| 035 |
|
|
|a RU\TPU\conf\17483
|
| 090 |
|
|
|a 619081
|
| 100 |
|
|
|a 20160804d2016 k y0rusy50 ca
|
| 101 |
0 |
|
|a rus
|d eng
|
| 102 |
|
|
|a RU
|
| 105 |
|
|
|a y z 101zy
|
| 135 |
|
|
|a drgn ---uucaa
|
| 181 |
|
0 |
|a i
|
| 182 |
|
0 |
|a b
|
| 200 |
1 |
|
|a Исследование влияния параметров наводороживания на скорость сорбции водорода титановым сплавом ВТ1-0 с нанесенным слоем никеля
|d Investigation of hydrogenation parameters influence on the hydrogen sorption rate of titanium alloy VT1-0 coated by nickel layer
|f М. Н. Бабихина
|g науч. рук. В. Н. Кудияров
|
| 203 |
|
|
|a Текст
|c электронный
|
| 225 |
1 |
|
|a Поверхностное упрочнение и защитные покрытия
|
| 230 |
|
|
|a 1 компьютерный файл (pdf; 505 Кб)
|
| 300 |
|
|
|a Заглавие с титульного экрана
|
| 320 |
|
|
|a [Библиогр.: с. 160-161 (19 назв.)]
|
| 330 |
|
|
|a The influence of parameters of hydrogenation of the hydrogen sorption rate VT1-0 titanium alloy coated with a layer of nickel. It is shown that an increase in one of the parameters of hydrogenation increases the hydrogen sorption rate. Also with increasing coating time decreases the rate of sorption of hydrogen.
|
| 463 |
|
0 |
|0 (RuTPU)RU\TPU\conf\17108
|t Материалы и технологии новых поколений в современном материаловедении
|o сборник трудов Международной конференции, г. Томск, 9-11 июня 2016 г.
|f Национальный исследовательский Томский политехнический университет (ТПУ) ; Российская академия наук (РАН), Сибирское отделение (СО), Институт физики прочности и материаловедения (ИФПМ)
|v [С. 156-161]
|d 2016
|
| 510 |
1 |
|
|a Investigation of hydrogenation parameters influence on the hydrogen sorption rate of titanium alloy VT1-0 coated by nickel layer
|z eng
|
| 610 |
1 |
|
|a труды учёных ТПУ
|
| 610 |
1 |
|
|a электронный ресурс
|
| 610 |
1 |
|
|a наводороживание
|
| 610 |
1 |
|
|a сорбция
|
| 610 |
1 |
|
|a водород
|
| 610 |
1 |
|
|a титановые сплавы
|
| 610 |
1 |
|
|a ВТ1-0
|
| 610 |
1 |
|
|a слои
|
| 610 |
1 |
|
|a никель
|
| 610 |
1 |
|
|a покрытия
|
| 700 |
|
1 |
|a Бабихина
|b М. Н.
|c физик
|c техник Томского политехнического университета
|g Мария Николаевна
|2 stltpush
|3 (RuTPU)RU\TPU\pers\37032
|
| 702 |
|
1 |
|a Кудияров
|b В. Н.
|c физик
|c инженер Томского политехнического университета
|f 1990-
|g Виктор Николаевич
|2 stltpush
|4 727
|
| 712 |
0 |
2 |
|a Национальный исследовательский Томский политехнический университет (ТПУ)
|b Физико-технический институт (ФТИ)
|b Кафедра общей физики (ОФ)
|h 136
|2 stltpush
|3 (RuTPU)RU\TPU\col\18734
|
| 801 |
|
2 |
|a RU
|b 63413507
|c 20160826
|g RCR
|
| 856 |
4 |
|
|u http://earchive.tpu.ru/handle/11683/31004
|
| 942 |
|
|
|c BK
|